000 01317cam a22002891i 4500
003 SA-RiAUC
005 20250317194024.0
008 250317s2005 su f 00010 ara c
040 _aSA-JeKAU
_bara
_cSA-RiAUC
_erda
082 0 4 _a332.121
090 _a332.121
_bش ب ي
100 1 _aالشبيلي، يوسف بن عبد الله،
_d1391 هجري-
_eمؤلف.
245 1 2 _aالخدمات الاستثمارية في المصارف وأحكامها في الفقه الإسلامي :
_bالصناديق والودائع الاستثمارية /
_cيوسف بن عبد الله الشبيلي.
250 _aالطبعة الأولى.
264 1 _aالدمام، السعودية :
_bدار ابن حزم،
_c2005
300 _a2 مجلد ؛
_c24 سم.
336 _aنص
_btxt
_2rdacontent
_3كتاب
337 _aبدون وسيط
_bn
_2rdamedia
338 _aمجلد
_bnc
_2rdacarrier
490 0 _aرسائل جامعية ؛
_v36
500 _aالأصل أطروحة (دكتوراه)-جامعة الإمام محمد بن سعود الإسلامية، المعهد العالي للقضاء.
500 _aملاحضات من الشيخ
650 7 _aالبنوك الإسلامية
_2aucsh
650 7 _aالاستثمار
_2aucsh
942 _2ddc
_cBOOK
949 _aSA-JeALM
_d250317
_ukhaled123
_n1
999 _c6474
_d6474